Cities in Austria - Sudden Death - Statistics

General Stats
  • This quiz has been taken 74 times
  • The average score is 9 of 12
Answers on the Grid
Answers color-coded by a green-red scale on the quiz's grid according to % correct below.
Augsburg
Bergen
Berlin
Davos
Dornbirn
Dresden
Ettelbrück
Graz
Innsbruck
Jönköping
Karabük
Klagenfurt
am Wörthersee
Konstanz
Linz
Lubbock
Munich
Oradea
Pilsen
Salzburg
Schachty
St. Pölten
Stellenbosch
Steyr
Tianjin
Triest
Vienna
Villach
Wels
Wiener Neustadt
Zürich
 
Answer Stats
Answer % Correct
Graz
95%
Salzburg
95%
Vienna
95%
Innsbruck
94%
Linz
94%
Klagenfurt
am Wörthersee
73%
Villach
70%
St. Pölten
68%
Wiener Neustadt
67%
Wels
54%
Dornbirn
52%
Steyr
52%
No matching quizzes found
Score Distribution
Percent of People with Each Score
Percentile by Number Answered
Your Score History
You have not taken this quiz